|
|
|
|
| LEADER |
01261nam a22003377a 4500 |
| 001 |
39360 |
| 003 |
BD-DhAAL |
| 008 |
220814t1994 nyua b 001 0 eng d |
| 999 |
|
|
|c 44805
|d 44805
|
| 010 |
|
|
|a 78006993
|
| 020 |
|
|
|a 9787003658483
|
| 020 |
|
|
|a 9780471050599
|
| 020 |
|
|
|a 0471327921
|
| 040 |
|
|
|a DLC
|c DLC
|d DLC
|d BD-DhAAL
|
| 050 |
0 |
0 |
|a QA564
|b .G64 1978
|
| 082 |
0 |
0 |
|a 516.35
|
| 100 |
1 |
|
|a Griffiths, Phillip,
|d 1938-
|9 50850
|
| 245 |
1 |
0 |
|a Principles of algebraic geometry /
|c Phillip Griffiths and Joseph Harris.
|
| 260 |
|
|
|a New York :
|b John Wiley,
|c c1994.
|
| 300 |
|
|
|a xii, 813 pages :
|b illustrations ;
|c 24 cm.
|
| 490 |
0 |
|
|a Pure and applied mathematics
|
| 500 |
|
|
|a "A Wiley-Interscience publication."
|
| 504 |
|
|
|a Includes bibliographical references and index.
|
| 526 |
|
|
|a MNS
|
| 541 |
|
|
|a Paragon Enterprises LTD
|e 39360
|
| 650 |
|
0 |
|a Geometry, Algebraic.
|9 50851
|
| 650 |
|
0 |
|a Mathematics.
|9 50852
|
| 700 |
1 |
|
|a Harris, Joe,
|d 1951-
|e joint author.
|9 50853
|
| 852 |
|
|
|a Ayesha Abed Library
|c General Stacks
|
| 942 |
|
|
|2 ddc
|c BK
|
| 952 |
|
|
|0 0
|1 0
|2 ddc
|4 0
|6 516_350000000000000_GRI
|7 0
|9 71634
|a BRACUL
|b BRACUL
|c GEN
|d 2022-08-08
|e Paragon Enterprises LTD
|g 13200.00
|l 2
|m 13
|o 516.35 GRI
|p 3010039360
|r 2024-09-21
|s 2024-03-09
|t 1
|v 13200.00
|w 2022-08-08
|y BK
|